Mendaki Kala Pattar : Zaini Shaarani

Bibliographic Details
Main Author: Zaini Shaarani
Format: Book
Subjects:

MARC

LEADER 00000cam a2200000 7i4500
001 0000007165
002 000007709
005 20000330.0
020 |a 9836200835 
090 0 0 |a 796.5225496   |b ZAI 
100 0 |a Zaini Shaarani 
245 1 0 |a Mendaki Kala Pattar :   |b Zaini Shaarani 
300 |b Kuala Lumpur :   |b DBP ;   |c 1988. 
650 0 0 |a Mountaneering-Kala Pattar,Nepal 
999 |a 054559   |b BUKU   |c PINJAMAN   |e PERPUSTAKAAN KOMUNITI PETALING JAYA